Advances in fatigue lifetime predictive techniques. (Record no. 12919)

000 -LEADER
fixed length control field 00709nam a2200205Ii 4500
020 ## - INTERNATIONAL STANDARD BOOK NUMBER
ISBN 080312029X
040 ## - CATALOGING SOURCE
Transcribing agency CWR
082 ## - DEWEY DECIMAL CLASSIFICATION NUMBER
Classification number 620 MIT 1996 A044 Or.
245 00 - TITLE STATEMENT
Title Advances in fatigue lifetime predictive techniques.
300 ## - PHYSICAL DESCRIPTION
Number of Pages viii, 347 pages :
Other physical details illustrations ;
Dimensions 24 cm
490 1# - SERIES STATEMENT
Series statement STP ;
500 ## - GENERAL NOTE
General note "Papers presented at the third Symposium on Advances in Fatigue Lifetime Predictive Techniques, held in Montreal, Quebec on 16-17 May 1994"--Foreword
500 ## - GENERAL NOTE
General note "ASTM publication code number (PCN): 04-012920-30."
650 #0 - SUBJECT ADDED ENTRY--TOPICAL TERM
Topical Term Service life (Engineering)
650 #0 - SUBJECT ADDED ENTRY--TOPICAL TERM
Topical Term Materials
650 #0 - SUBJECT ADDED ENTRY--TOPICAL TERM
Topical Term Fracture mechanics
700 1# - ADDED ENTRY--PERSONAL NAME
Personal name Mitchell, M. R.
700 1# - ADDED ENTRY--PERSONAL NAME
Personal name Landgraf, R. W.
942 ## - ADDED ENTRY ELEMENTS (KOHA)
Koha item type សៀវភៅភាសាអង់គ្លេស
952 ## - LOCATION AND ITEM INFORMATION (KOHA)
Withdrawn status [LOCAL, KOHA] 0
Holdings
Permanent Location Date acquired Koha item type Lost status Shelving location Barcode Current Location Full call number
Library Block A2017-08-18សៀវភៅភាសាអង់គ្លេស A047A22537Library Block A620 AME 1996 A047 Or.
មជ្ឈមណ្ឌលឯការនៃសាកលវិទ្យាល័យភូមិន្ទកសិកម្មចំការដូង

Powered by Koha